| 000 -ლიდერი |
| ფიქსირებული სიგრძის საკონტროლო ველი |
01555nam a22002297a 4500 |
| 003 - საკონტროლო ნომრის იდენტიფიკატორი |
| საკონტროლო ველი |
Ge_BSU |
| 005 - ბოლო ოპერაციის თარიღი და დრო |
| საკონტროლო ველი |
20230601163347.0 |
| 008 - ფიქსირებული სიგრძის მონაცემთა ელემენტები - ზოგადი ინფორმაცია |
| ფიქსირებული სიგრძის საკონტროლო ველი |
230601s1999 ge ||||| |||| 00| 0 geo d |
| 041 ## - ენის კოდი |
| Language code of text/sound track or separate title |
geo |
| 080 ## - უნივერსალური ათობითი კლასიფიკაციის ინდექსი |
| Universal Decimal Classification number |
902.2(479.22) მ-58 |
| 245 ## - ცნობა სათაურის შესახებ |
| Title |
მესხეთი : |
| Remainder of title |
ტ. 3. საისტორიო კრებული / |
| Statement of responsibility, etc |
რედ. ნ. ახალკაცი, რ. გოგოლაური, გ. კუტალაძე და სხვ.; ივანე ჯავახიშვილის სახელობის თბილისის სახელმწიფო უნივერსიტეტის ახალციხის ფილიალი. |
| 264 ## - წარმოების, გამოცემის, დისტრიბუციის და სხვა ცნობები |
| გამოცემის, წარმოების, დისტრიბუციის... ადგილი |
თბილისი : |
| გამოცემის, წარმოების, დისტრიბუციის... სახელწოდება |
ახალციხე, |
| გამოცემის, წარმოების, დისტრიბუციის... თარიღი |
1999. |
| 300 ## - ფიზიკური აღწერა |
| Extent |
240 გვ.; |
| Other physical details |
20 სმ. |
| 500 ## - ზოგადი შენიშვნა |
| General note |
პარალელური თავფურცელი ინგლისურ და რუსულ ენებზე.
|
| 653 ## - INDEX TERM--UNCONTROLLED |
| Uncontrolled term |
მესხეთი |
| 653 ## - INDEX TERM--UNCONTROLLED |
| Uncontrolled term |
საისტორიო კრებული |
| 700 ## - ADDED ENTRY--PERSONAL NAME |
| Personal name |
ახალკაცი, ნ. |
| Relator term |
რედაქტორი |
| 9 (RLIN) |
6363 |
| 700 ## - ADDED ENTRY--PERSONAL NAME |
| Personal name |
გოგოლაური, რ. |
| Relator term |
რედაქტორი |
| 9 (RLIN) |
18398 |
| 700 ## - ADDED ENTRY--PERSONAL NAME |
| Personal name |
კუტალაძე, გ. და სხვ. |
| 9 (RLIN) |
18399 |
| 710 ## - ADDED ENTRY--CORPORATE NAME |
| Corporate name or jurisdiction name as entry element |
ივანე ჯავახიშვილის სახელობის თბილისის სახელმწიფო უნივერსიტეტის ახალციხის ფილიალი. |
| 9 (RLIN) |
18400 |
| 942 ## - ADDED ENTRY ELEMENTS (KOHA) |
| Source of classification or shelving scheme |
|
| Koha item type |
წიგნი |